书目信息 |
| 题名: |
日本新干线电子通信系统
|
|
| 作者: | 石原嘉夫 著 ;翟国理 译 | |
| 分册: | ||
| 出版信息: | 北京 中国铁道出版社 1984.3 |
|
| 页数: | 213页 | |
| 开本: | 20cm | |
| 丛书名: | ||
| 单 册: | ||
| 中图分类: | U285 | |
| 科图分类: | ||
| 主题词: | 铁路通信 , 铁路信号 | |
| 电子资源: | ||
| ISBN: | ||
| 000 | 00635nam0 2200229 45 | |
| 001 | 0312221749 | |
| 005 | 20040513165330.7 | |
| 010 | @dCNY0.90 | |
| 091 | @a15043.4164 | |
| 100 | @a20031222d1984 km y0chiy0120 ea | |
| 101 | @achi | |
| 105 | @a z 000yy | |
| 200 | 1 | @a日本新干线电子通信系统@ARi Ben Xin Gan Xian Dian Zi Tong Xin Xi Tong@f石原嘉夫著@FShi Yuan Jia Fu Zhu@g翟国理译 |
| 210 | @a北京@c中国铁道出版社@d1984.3 | |
| 215 | @a213页@d20cm | |
| 606 | 0 | @a铁路通信 |
| 606 | 0 | @a铁路信号 |
| 690 | @aU285@v3 | |
| 701 | 0 | @a石原嘉夫@4著 |
| 702 | 0 | @a翟国理@4译 |
| 801 | @aCN@bTSTCL@c20031222 | |
| 905 | @dU285@e28@f1@b129551 | |
| 日本新干线电子通信系统/石原嘉夫著/翟国理译.-北京:中国铁道出版社,1984.3 |
| 213页;20cm |
| ISBN :CNY0.90 |
| ● |
| 相关链接 |
|
|
|
|
正题名:日本新干线电子通信系统
索取号:U285/28
 
预约/预借
| 序号 | 登录号 | 条形码 | 馆藏地/架位号 | 状态 | 备注 |
| 1 | 0129551 | 001487108 | 第三借阅区/ [索取号:U285/28] | 在馆 | |
| 2 | 0129552 | 001487117 | 第二样本阅览室/ [索取号:U285/28] | 在馆 |